35 Most Famous Cities in Serbia on a Map - Statistics

General Stats
  • This quiz has been taken 101 times
  • The average score is 20 of 35
Answers on the Map
Answers color-coded by a green-red scale on the quiz's map according to % correct below.
 
Answer Stats
Wiki Monthly Views Cityquiz Mention Rate Population Answers % Correct
234.12K 45.65% 1197.71K Belgrade
100%
61.76K 13.13% 260.44K Novi Sad
98%
40.96K 9.56% 178.98K Niš
94%
22.63K 4.04% 88.75K Subotica
80%
18.16K 2.32% 146.31K Kragujevac
76%
20.77K 2.29% 71.46K Novi Pazar
76%
10.33K 1.73% 69.60K Čačak
69%
9.97K 1.15% 73.40K Pančevo
68%
10.91K 1.34% 59.26K Smederevo
67%
13.93K 1.25% 41.81K Sombor
66%
10.09K 1.50% 54.09K Leskovac
63%
12.36K 1.34% 67.13K Zrenjanin
63%
9.94K 1.28% 53.75K Kruševac
62%
9.10K 1.37% 57.43K Kraljevo
61%
8.58K 1.31% 50.95K Vranje
60%
7.47K 1.02% 34.94K Pirot
59%
10.54K 1.21% 51.16K Šabac
59%
9.72K 1.16% 48.54K Užice
59%
8.90K 0.97% 56.06K Valjevo
56%
6.65K 0.76% 32.08K Kikinda
55%
6.87K 0.73% 34.89K Jagodina
53%
11.64K 1.07% 36.76K Sremska Mitrovica
53%
6.00K 0.56% 28.82K Bor
52%
6.23K 0.84% 32.45K Zaječar
52%
8.90K 0.67% 42.53K Požarevac
47%
7.73K 0.77% 31.95K Vršac
47%
12.01K 0.66% 161.60K Zemun
47%
7.51K - 19.52K Loznica
44%
6.85K 0.42% 11.93K Bačka Topola
38%
7.27K - 14.22K Preševo
38%
7.55K 0.45% 11.93K Prijepolje
33%
6.59K 0.42% 14.45K Senta
32%
7.34K 0.28% 7.87K Sremski Karlovci
31%
5.85K - 12.99K Sjenica
29%
6.15K 0.24% 9.25K Vrnjačka Banja
29%
No matching quizzes found
Score Distribution
Percent of People with Each Score
Percentile by Number Answered
Your Score History
You have not taken this quiz